Paint by Trivia: Star Wars Quiz Stats

 Plays Quiz Updated May 20, 2017

Support Sporcle.
Go Orange.
Score 0/26 Timer 06:00
6 Plays Today
% Correct
Feeling about this
92.5%
Millennium Falcon
91.3%
Yoda, Mace Windu, etc.
87.8%
R2-D2
85%
The Force Awakens
83.2%
Han Solo
82.6%
Organa
80.8%
You're looking for
80.7%
IG-88, Boba Fett, etc.
79.6%
Ewok
77.6%
Emperor Palpatine
77.5%
BB-8
77.5%
Endor
75.7%
% Correct
Admiral Ackbar
74.8%
Tatooine
71.4%
Chewbacca
71.4%
Light Saber
69.2%
Anakin Skywalker
64.3%
Hoth
61%
Owen & Beru
52.2%
Alderaan
50.5%
Utapau, Coruscant, etc.
47.9%
Wedge Antilles
44.8%
Sarlacc
44.1%
Wampa
38.9%
Yavin 4
37.3%

You're not logged in!

Compare scores with friends on all Sporcle quizzes.
OR
Log In
Forgot?

From the Vault

Babies Named for State Capitals

by iglew

We can think of a few state capitals we wouldn't want to be named after.
Remove Ads.
Support Sporcle.
Get the best of Sporcle when you Go Orange. This ad-free experience offers more features, more stats, and more fun while also helping to support Sporcle. Thank you for becoming a member.

Show Comments

Extras

Top Quizzes Today


Score Distribution

Your Account Isn't Verified!

In order to create a playlist on Sporcle, you need to verify the email address you used during registration. Go to your Sporcle Settings to finish the process.

Report this User

Report this user for behavior that violates our Community Guidelines.

Details: